Introductory probability and statistical applications /
Guardado en:
| Autor Principal: | |
|---|---|
| Formato: | Libro |
| Idioma: | English |
| Publicado: |
Reading, Mass. :
Addison-Wesley,
c1970.
|
| Edición: | 2nd ed. |
| Series: | Addison-Wesley series in statistics
|
| Etiquetas: |
Agregar Etiqueta
Sin Etiquetas, Sea el primero en etiquetar este registro!
|
| LEADER | 00648nam a22002055a 4500 | ||
|---|---|---|---|
| 001 | MAT.inmabb002452 | ||
| 008 | 700930s1970####maua#####b####001#0#eng## | ||
| 005 | 20160407154210.0 | ||
| 245 | 1 | 0 | |a Introductory probability and statistical applications / |c Paul L. Meyer. |
| 250 | |a 2nd ed. | ||
| 260 | |a Reading, Mass. : |b Addison-Wesley, |c c1970. | ||
| 300 | |a xiv, 367 p. : |b il. ; |c 25 cm. | ||
| 440 | 0 | |a Addison-Wesley series in statistics | |
| 504 | |a Bibliografía: p. 338-339. | ||
| 020 | |a 0201047101 | ||
| 100 | 1 | |a Meyer, Paul L. | |
| 084 | |a 60-01 |2 msc2000 | ||
| 010 | |a 75104971 | ||
| 040 | |a DLC |c DLC |d DLC | ||
| 859 | |h 60 |i M6125-2 |p A-4165 |b BIB. MATEMATICA | ||
